1782 1423 1706 1408 1261 1620 1834 1287 1807 1567 1482 1042 1462 1270 1198 1783 1113 1947 1444 1981 1589 1206 1982 1170 1193 1628 1867 1250 1381 1395 1527 1559 1384 1461 1859 1532 1040 1870 1232 1810 1777 1101 1108 1972 1873 1069 1546 1041 1133 1758 1943 1439 1028 1006 1349 1688 1254 1770 1141 1853 1108 1414 1549 1583 1958 1674 1631 1885 1423 1922 1707 1898 1398 1323 1408 1554 1097 1169 1424 1328 1093 1282 1116 1385 1057 1311 1915 1725 1876 1853 1223 1800 1374 1967 1722 1179 1298 1541 1628 BCNSPRNW ULIB Ver.6.0+V

เปลี่ยนเป็นภาษาไทย

Change to English
 แสดงรายละเอียดบรรณานุกรม
  กลับหน้าหลัก

Brief Record : Get Marc (ISO 2709) : E-mail record : QR code < ปิดหน้าต่าง
LEADER : 00000nam 2200000uu 4500
001    13399124191
003     ULIB
008    150125s2556||||th 000 0 tha d
020    ^a9786162793202
060 04 ^aWB105^bช892F
100 0  ^aไชยรัตน์ เพิ่มพิกุล
245 00 ^aFirst Hour in Emergency Room 2013 : The resuscitation /^cไชยรัตน์ เพิ่มพิกุล และคณะ
250    ^aพิมพ์ครั้งที่ 1 (31 ก.ค.2557)
260    ^aกรุงเทพฯ :^bบริษัทพี.เอ.ลีฟวิ่งจำกัด,^c2556
300    ^a208 หน้า :^bภาพประกอบ ; ตาราง ;^c26 ซม.
650  7 ^aเวชศาสตร์ฉุกเฉิน
945    ^p250^l0^i038900
945    ^p250^l0^i038901
945    ^p250^l0^i038902
999    ^aเกษร โพธิ์สุวรรณ
รายการนี้ยังไม่มีแท็ก
คุณยังไม่ได้ล็อกอิน คุณสามารถมีกิจกรรมร่วมกับเว็บไซต์ได้ แต่ต้องล็อกอินก่อน ::
  ล็อกอิน

รายการสื่อสารสนเทศ

ลำดับที่ ประเภท เลขเรียก/บาร์โค้ด สถานที่ สถานะ
1. วิทยาศาสตร์การแพทย์ และสุขภาพ
หนังสือสำรอง
สถานะ=หนังสือสำรอง
WB105 ช892F ฉ.1 
  Barcode: 038900
ห้องสมุดวิทยาเขตสวรรค์ประชารักษ์
►ส่วนจัดเก็บหนังสือเก่า สปร
บนชั้น
  ขอยืม
2. วิทยาศาสตร์การแพทย์ และสุขภาพ
วิทยาศาสตร์การแพทย์ และสุขภาพ
WB105 ช892F ฉ.2 
  Barcode: 038901
ห้องสมุดวิทยาเขตสวรรค์ประชารักษ์
►ส่วนจัดเก็บหนังสือเก่า สปร
บนชั้น
  ขอยืม
3. วิทยาศาสตร์การแพทย์ และสุขภาพ
วิทยาศาสตร์การแพทย์ และสุขภาพ
WB105 ช892F ฉ.3 
  Barcode: 038902
ห้องสมุดวิทยาเขตสวรรค์ประชารักษ์
►ส่วนจัดเก็บหนังสือเก่า สปร
บนชั้น
  ขอยืม

รายการใกล้เคียง
    ผู้แต่ง [ไชยรัตน์ เพิ่มพิกุล]

    หัวเรื่อง [เวชศาสตร์ฉุกเฉิน]

BibComment


ยังไม่เคยถูกคอมเมนท์

คอมเมนท์ทรัพยากรรายการนี้
  คอมเมนท์: First Hour in Em..


 Copyright 2026. Bcnsprnw @Library